00716 2200181 4500001002100000005001500021035002000036245004200056100001600098250001700114300002900131260004400160082000800204084001400212020002200226650001200248520027400260INLIS00000000000087320250113074324 a0010-01250000461 a99 Fakta Unik Tumbuhan /cAisha Shafa0 aAisha Shafa acetakan ke-1 a104 hlm :bIlus ;c26 cm aJakarta Timur :bAl Kautsar Kids,c2017 a570 a570 AIS s a978-602-169-453-4 4aBiologi aTernyata banyak sekali fakta mengejutkan mengenai tanaman yang tidak pernah kita tahu selamanya. Buku ini mengajak kita mengenali fakta-fakta luar biasa mengenai tanaman-tanaman di dunia. Membaca buku ini mengenali kekuasaan sang pencipta. Yuk, segera kuak rahasianya!